=LDR 00000nam 2200000 4500 =001 INLIS000000000036762 =005 20201116120205 =035 ##$$a 0010-061300000036762 =008 201116################g##########0#ind## =041 ##$$a Ind =082 ##$$a 324.606 =090 ##$$a 324.606, Kom, l =245 ##$$a Laporan Penyelenggaraan Pemilihan Umum Anggota DPR, DPD, DPRD Provinsi NTB Tahun 2009 =260 ##$$a Mataram :$b KPU Provinsi NTB,$c [s.a] =300 ##$$a viii, 219 hlm, : $b ilus ; $c 21x14 cm =850 ##$$a NBPNMAT =084 ##$$a 324.606 LAP =650 #4$$a Pemilihan Umum - Laporan =990 ##$$a 31011622 =990 ##$$a 31011621 =990 ##$$a 31011620 =990 ##$$a 31011619